| 000 | 00351nam a22001457a 4500 | ||
|---|---|---|---|
| 003 | MACL | ||
| 005 | 20200130162550.0 | ||
| 008 | 200130b xxu||||| |||| 00| 0 eng d | ||
| 040 | _cMACL | ||
| 100 |
_aSingh, Gurdeep _977960 |
||
| 245 | _aGuru Message | ||
| 260 |
_aLudhiana _bLahore Book Shop _c2018 |
||
| 650 |
_aSikhism _977961 |
||
| 942 |
_2ddc _cBK |
||
| 999 |
_c61900 _d61900 |
||